| 000 | 00661nam a2200217 u 4500 | ||
|---|---|---|---|
| 005 | 20241012064020.0 | ||
| 008 | 090331s2006 es r 000 0 spa d | ||
| 020 | _a8446011735 (10 digitos) | ||
| 020 | _a9788446011736 (13 digitos) | ||
| 035 | _aUPN01000170175 | ||
| 049 | _aCG | ||
| 050 | 4 |
_aLB1029 G3 _bN3.2 |
|
| 100 | 1 | _aGardin, Nanon | |
| 245 | 1 | 0 |
_a150 actividades para niños impacientes : _bde 2 a 10 años / _cNanon Gardin ; il. de Elena Golovina. |
| 260 |
_aMadrid : _bAkal, _cc2006. |
||
| 300 |
_a150 p. : _bil. col. |
||
| 650 | 4 |
_aJuegos educativos _93952 |
|
| 650 | 4 |
_aJUEGOS - _vMANUALES, ETC. _913232 |
|
| 905 | _aLibro | ||
| 999 |
_c142281 _d142281 |
||